[Event "Llinars del Valles op 11th"]
[Site "Llinars del Valles"]
[Date "2017.05.06"]
[Round "3"]
[White "Chamorro Perea, Antoni"]
[Black "Torralba Brosa, Marc"]
[Result "1-0"]
[WhiteElo "1768"]
[BlackElo "1869"]
[PlyCount "121"]
[EventDate "2017.04.22"]
[EventType "swiss"]
[EventRounds "9"]
[EventCountry "ESP"]
[SourceTitle "EXT 2018"]
[Source "ChessBase"]
[SourceDate "2017.10.13"]
[SourceVersion "1"]
[SourceVersionDate "2017.10.13"]
[SourceQuality "1"]

1. d4 Nf6 2. Bf4 g6 3. e3 Bg7 4. Nd2 d6 5. c3 0-0 6. h3 c5 7. Ngf3 Nc6 8. Be2 Qe8 9. 0-0 e5 10. Bh2 e4 11. Ne1 Qe7 12. dxc5 dxc5 13. Nc4 Rd8 14. Bd6 Qe6 15. Qb3 Rxd6 16. Nxd6 Qxd6 17. Rd1 Qe7 18. Nc2 Be6 19. Qa4 a6 20. Rd2 Rd8 21. Rxd8+ Qxd8 22. Bxa6 Qc7 23. Be2 Ne5 24. Rd1 c4 25. Qa8+ Bc8 26. Na3 Nd3 27. Nb5 Qc5 28. Na7 Qf5 29. Qxc8+ Qxc8 30. Nxc8 Nd7 31. f3 f5 32. fxe4 fxe4 33. Nd6 Nxb2 34. Bxc4+ Kf8 35. Rf1+ Ke7 36. Nc8+ Kd8 37. Nd6 Ke7 38. Bb5 Bxc3 39. Nxe4 Be5 40. Bxd7 Kxd7 41. Rf7+ Kc6 42. Rxh7 Nc4 43. Rh6 Nxe3 44. Rxg6+ Kd5 45. Nf6+ Kc4 46. Ng4 Bd4 47. Nxe3+ Bxe3+ 48. Kf1 Kb4 49. Rg4+ Kc5 50. Ke2 Bc1 51. Kd3 Kd5 52. Re4 Bg5 53. g3 Bf6 54. h4 b6 55. h5 Bg5 56. Re8 Kd6 57. Ke4 Kd7 58. Re5 Bh6 59. g4 Bg7 60. Rf5 Ke6 61. g5 1-0

[Event "Llinars del Valles op-A 10th"]
[Site "Llinars del Valles"]
[Date "2016.04.16"]
[Round "3"]
[White "Chamorro Perea, Antoni"]
[Black "Morais Carreras, Javier"]
[Result "0-1"]
[WhiteElo "1955"]
[BlackElo "1958"]
[PlyCount "116"]
[EventDate "2016.04.02"]
[EventType "swiss"]
[EventRounds "9"]
[EventCountry "ESP"]
[SourceTitle "CBM 172 Extra"]
[Source "ChessBase"]
[SourceDate "2016.06.21"]
[SourceVersion "1"]
[SourceVersionDate "2016.06.21"]
[SourceQuality "1"]

1. e4 e5 2. Nf3 Nf6 3. Nxe5 d6 4. Nf3 Nxe4 5. d4 d5 6. Bd3 Nc6 7. Qe2 Qe7 8. 0-0 Bg4 9. Nbd2 Nxd4 10. Qe3 Nxd2 11. Bxd2 Nxf3+ 12. gxf3 Qxe3 13. fxe3 Bh3 14. Rfe1 Bc5 15. b4 Bb6 16. Kf2 0-0-0 17. a4 c6 18. Rg1 g6 19. Rg3 Be6 20. Ke2 Bc7 21. f4 Rhe8 22. a5 d4 23. e4 Bd5 24. Kf3 Be6 25. Rgg1 Rf8 26. Rgb1 f5 27. e5 Bd5+ 28. Kf2 Be4 29. Re1 Bxd3 30. cxd3 Rfe8 31. h4 Rd5 32. Rac1 Bd8 33. Kg3 Be7 34. Rc4 Kb8 35. Rb1 Rc8 36. Be1 c5 37. b5 h6 38. Bd2 Ka8 39. Re1 Rg8 40. Rcc1 g5 41. hxg5 hxg5 42. fxg5 b6 43. a6 Rdd8 44. Rg1 Bxg5 45. Bxg5 Rxg5+ 46. Kf4 Rh5 47. Rg5 Rh3 48. Rd1 Rf8 49. Rxf5 Re8 50. Ke4 Re3+ 51. Kd5 Kb8 52. Kd6 Kc8 53. Rdf1 c4 54. dxc4 d3 55. Rd1 d2 56. Kc6 Rd8 57. Rf2 Rxe5 58. Rfxd2 Rc5# 0-1

[Event "Llinars del Valles op-A 8th"]
[Site "Llinars del Valles"]
[Date "2014.06.14"]
[Round "7"]
[White "Salagran Ferragut, Eduard"]
[Black "Chamorro Perea, Antoni"]
[Result "0-1"]
[WhiteElo "1729"]
[BlackElo "1987"]
[PlyCount "98"]
[EventDate "2014.04.26"]
[EventType "swiss"]
[EventRounds "8"]
[EventCountry "ESP"]
[SourceTitle "EXT 2015"]
[Source "ChessBase"]
[SourceDate "2014.11.20"]
[SourceVersion "1"]
[SourceVersionDate "2014.11.20"]
[SourceQuality "1"]

1. e4 c5 2. Nf3 d6 3. d4 cxd4 4. Qxd4 a6 5. Be3 Nc6 6. Qb6 Qxb6 7. Bxb6 Nf6 8. Nc3 g6 9. Rd1 Bg4 10. Be2 Bg7 11. h3 Be6 12. a3 0-0 13. Nd5 Nxe4 14. Nc7 Rac8 15. Nxe6 fxe6 16. Bd3 Nc5 17. Bxc5 dxc5 18. Bc4 Nd8 19. Ng5 Rc6 20. Rxd8 Rxd8 21. Nxe6 Rdd6 22. Nd8+ Kf8 23. Nxc6 Rxc6 24. Bd5 Rd6 25. Bxb7 Bxb2 26. Ke2 Bxa3 27. Ra1 Bb4 28. Bxa6 Rd2+ 29. Kf3 Rxc2 30. Kg3 c4 31. Ra4 Bd6+ 32. Kf3 c3 33. Rc4 Be5 34. Rc8+ Kg7 35. Bd3 Rd2 36. Ke3 Bf6 37. g3 h6 38. Rc6 Rd1 39. Rc4 Bg5+ 40. f4 Bf6 41. Kf2 Rd2+ 42. Ke3 g5 43. f5 Rh2 44. h4 gxh4 45. gxh4 Rh3+ 46. Ke2 Rxh4 47. Rc8 Rh2+ 48. Ke3 h5 49. Kf4 Kh6 0-1

[Event "Llinars del Valles op-A 8th"]
[Site "Llinars del Valles"]
[Date "2014.05.17"]
[Round "4"]
[White "Chamorro Perea, Antoni"]
[Black "Ayats Llobera, Gerard"]
[Result "0-1"]
[WhiteElo "1987"]
[BlackElo "1919"]
[PlyCount "76"]
[EventDate "2014.04.26"]
[EventType "swiss"]
[EventRounds "8"]
[EventCountry "ESP"]
[SourceTitle "EXT 2015"]
[Source "ChessBase"]
[SourceDate "2014.11.20"]
[SourceVersion "1"]
[SourceVersionDate "2014.11.20"]
[SourceQuality "1"]

1. e4 c5 2. Nf3 e6 3. d4 cxd4 4. Nxd4 Nf6 5. Nc3 d6 6. Bg5 a6 7. f4 Be7 8. Qf3 Qc7 9. 0-0-0 b5 10. Bxf6 Bxf6 11. Bxb5+ Nd7 12. Bxd7+ Qxd7 13. e5 Bb7 14. Qg3 Be7 15. Qxg7 Rf8 16. Rhe1 0-0-0 17. g3 h5 18. Qh7 h4 19. g4 dxe5 20. Nb3 Qc7 21. Rxd8+ Bxd8 22. Rxe5 Kb8 23. g5 Qc4 24. Qxh4 Bc7 25. Na5 Bxa5 26. Rxa5 Qf1+ 27. Nd1 Rd8 28. b3 Rxd1+ 29. Kb2 Rb1+ 30. Ka3 Qc1+ 31. Ka4 Bc6+ 32. Kb4 Qd2+ 33. c3 Qd6+ 34. Rc5 a5+ 35. Kc4 Rf1 36. Qh8+ Kb7 37. b4 a4 38. Rxc6 Rxf4+ 0-1

[Event "Llinars del Valles op-A 7th"]
[Site "Llinars del Valles"]
[Date "2013.05.25"]
[Round "6"]
[White "Fernandez Aguilar, Francisco"]
[Black "Chamorro Perea, Antoni"]
[Result "1-0"]
[WhiteElo "2001"]
[BlackElo "2042"]
[PlyCount "39"]
[EventDate "2013.04.13"]
[EventType "swiss"]
[EventRounds "7"]
[EventCountry "ESP"]
[SourceTitle "EXT 2014"]
[Source "ChessBase"]
[SourceDate "2013.11.20"]
[SourceVersion "1"]
[SourceVersionDate "2013.11.20"]
[SourceQuality "1"]

1. e4 c5 2. Nc3 d6 3. f4 g6 4. Nf3 Bg7 5. Bc4 e6 6. d3 a6 7. a4 Nc6 8. 0-0 Nf6 9. Qe1 Qc7 10. f5 0-0 11. Qh4 exf5 12. Bg5 Ng4 13. Nd5 Qb8 14. h3 Nge5 15. Nxe5 dxe5 16. Nf6+ Bxf6 17. Bxf6 Qd6 18. Kh1 f4 19. g3 fxg3 20. Qh6 1-0

[Event "Barcelona La Lira op"]
[Site "Barcelona"]
[Date "1996.??.??"]
[Round "2"]
[White "Chamorro Perea, Antoni"]
[Black "Giralt Garcia, Joaquin"]
[Result "1-0"]
[WhiteElo "2065"]
[BlackElo "2000"]
[PlyCount "99"]
[EventDate "1996.??.??"]
[EventType "swiss"]
[EventRounds "8"]
[EventCountry "ESP"]
[SourceTitle "EXT 2003"]
[Source "ChessBase"]
[SourceDate "2002.11.25"]
[SourceVersion "1"]
[SourceVersionDate "2002.11.25"]
[SourceQuality "1"]

1. e4 c5 2. Nf3 Nc6 3. d4 cxd4 4. Nxd4 e6 5. Nc3 a6 6. Bc4 d6 7. 0-0 Be7 8. Be3 Nf6 9. Bb3 0-0 10. f4 Bd7 11. Qe2 Rc8 12. Rad1 b5 13. a3 e5 14. Nxc6 Rxc6 15. f5 Qb8 16. g4 h6 17. g5 Rxc3 18. gxf6 Rxe3 19. Qxe3 Bxf6 20. Kh1 Kh7 21. Rg1 g5 22. Qd3 Be7 23. Rgf1 f6 24. Rf3 Qc7 25. Qe2 Be8 26. Rc3 Qd8 27. Be6 Qb6 28. Rc8 Bc6 29. Rxf8 Bxf8 30. Bd5 Be8 31. Qd3 Be7 32. Rd2 h5 33. Bb3 Qc6 34. Qd5 Qxd5 35. Bxd5 Bd7 36. Rd3 a5 37. Rc3 Bd8 38. Bc6 Bxc6 39. Rxc6 Kg7 40. Rxd6 Be7 41. Rd5 b4 42. Rxa5 bxa3 43. bxa3 g4 44. Ra7 Kf8 45. a4 Bc5 46. Rh7 Bf2 47. a5 h4 48. a6 Kg8 49. Rxh4 Bxh4 50. a7 1-0

[Event "Barcelona La Lira op"]
[Site "Barcelona"]
[Date "1996.??.??"]
[Round "4"]
[White "Chamorro Perea, Antoni"]
[Black "Moron Heredia, Javier"]
[Result "0-1"]
[WhiteElo "2065"]
[BlackElo "2050"]
[PlyCount "50"]
[EventDate "1996.??.??"]
[EventType "swiss"]
[EventRounds "8"]
[EventCountry "ESP"]
[SourceTitle "EXT 2003"]
[Source "ChessBase"]
[SourceDate "2002.11.25"]
[SourceVersion "1"]
[SourceVersionDate "2002.11.25"]
[SourceQuality "1"]

1. e4 Nf6 2. e5 Nd5 3. d4 d6 4. c4 Nb6 5. f4 g6 6. Nf3 dxe5 7. fxe5 Bg7 8. Be2 0-0 9. 0-0 Nc6 10. Be3 Na5 11. Na3 c5 12. d5 Bg4 13. Qd2 Nd7 14. Bh6 e6 15. Bxg7 Kxg7 16. dxe6 Bxe6 17. Rad1 a6 18. Qf4 Nc6 19. Nc2 Qc7 20. Ne3 Ndxe5 21. Ng5 Nd4 22. Qf6+ Kg8 23. Bd3 Rad8 24. Rf4 Nd7 25. Nxe6 fxe6 0-1

[Event "Barcelona La Lira op"]
[Site "Barcelona"]
[Date "1995.??.??"]
[Round "5"]
[White "Amor Alcaide, Manuel"]
[Black "Chamorro Perea, Antoni"]
[Result "1-0"]
[WhiteElo "2115"]
[BlackElo "2065"]
[PlyCount "149"]
[EventDate "1995.04.??"]
[EventType "swiss"]
[EventRounds "9"]
[EventCountry "ESP"]
[SourceTitle "EXT 2003"]
[Source "ChessBase"]
[SourceDate "2002.11.25"]
[SourceVersion "1"]
[SourceVersionDate "2002.11.25"]
[SourceQuality "1"]

1. b4 e5 2. Bb2 d6 3. c4 Nf6 4. e3 Be7 5. Nf3 c6 6. Nc3 0-0 7. Be2 a5 8. b5 c5 9. d4 e4 10. Nd2 cxd4 11. exd4 d5 12. c5 Qc7 13. Nf1 Be6 14. Ne3 Nbd7 15. Qb3 Nxc5 16. dxc5 d4 17. Ncd5 Qxc5 18. Nxe7+ Qxe7 19. Nc4 d3 20. Bd1 Rfc8 21. Qa3 Qd7 22. Nd2 Bg4 23. Bxg4 Qxg4 24. 0-0 Rc2 25. Rad1 Qe2 26. Bc1 e3 27. Nf3 exf2+ 28. Kh1 Re8 29. Qxd3 Qxd3 30. Rxd3 Rxa2 31. Be3 Ng4 32. Bd4 Rae2 33. h3 Re1 34. Rd1 Rxf1+ 35. Rxf1 Ne3 36. Bxe3 Rxe3 37. Rxf2 b6 38. Rd2 Kf8 39. Rd6 Re6 40. Rc6 g6 41. Rc7 a4 42. Nd4 Rd6 43. Nc6 a3 44. Ra7 Rd5 45. Rxa3 Rxb5 46. Ra7 Rb1+ 47. Kh2 b5 48. Ra8+ Kg7 49. Rb8 Kf6 50. Rb6 Kg5 51. Nd4 b4 52. Kg3 h5 53. h4+ Kh6 54. Kf3 Rf1+ 55. Ke2 Rb1 56. Rb8 Kg7 57. Nf3 Rb2+ 58. Nd2 Kf6 59. Kd1 g5 60. Rb6+ Kf5 61. Kc1 Ra2 62. Rb5+ Kg4 63. Rxg5+ Kf4 64. Rxh5 b3 65. Nxb3 Ke3 66. g3 Kd3 67. Rf5 Rg2 68. Rf3+ Ke4 69. Nd2+ Rxd2 70. Kxd2 Kxf3 71. h5 Kxg3 72. h6 f5 73. h7 f4 74. h8Q f3 75. Ke3 1-0

[Event "Barcelona La Lira op"]
[Site "Barcelona"]
[Date "1995.??.??"]
[Round "3"]
[White "Martinez, JM."]
[Black "Chamorro Perea, Antoni"]
[Result "0-1"]
[WhiteElo "2020"]
[BlackElo "2065"]
[PlyCount "54"]
[EventDate "1995.04.??"]
[EventType "swiss"]
[EventRounds "9"]
[EventCountry "ESP"]
[SourceTitle "EXT 2003"]
[Source "ChessBase"]
[SourceDate "2002.11.25"]
[SourceVersion "1"]
[SourceVersionDate "2002.11.25"]
[SourceQuality "1"]

1. d4 Nf6 2. c4 g6 3. Nc3 Bg7 4. e4 d6 5. Be2 0-0 6. h4 h5 7. f3 Nc6 8. Be3 e5 9. d5 Nd4 10. Bxd4 exd4 11. Qxd4 c6 12. dxc6 bxc6 13. 0-0-0 Ne8 14. Qd2 Rb8 15. Kb1 Qa5 16. Rc1 f5 17. Bd3 Rf7 18. Nge2 Rfb7 19. Rc2 Nc7 20. exf5 Bxf5 21. Bxf5 Qxf5 22. Ka1 Na6 23. a3 Nc5 24. Nc1 Rb3 25. g4 Qxf3 26. Rh2 Rxb2 27. gxh5 Rxc2 0-1